مكتبة جامعة عجلون الوطنية

فهرس بحث المكتبة

Normal view MARC view
  • Programming Languages principles and paradigms

Entry Topical Term

Number of records used in: 1

001 - CONTROL NUMBER

  • control field: 193

003 - CONTROL NUMBER IDENTIFIER

  • control field: JO-AjAnu

005 - DATE AND TIME OF LATEST TRANSACTION

  • control field: 20230606070331.0

008 - FIXED-LENGTH DATA ELEMENTS

  • fixed length control field: 230606|| aca||aabn | a|a d

040 ## - CATALOGING SOURCE

  • Original cataloging agency: JO-AjAnu
  • Transcribing agency: JO-AjAnu

150 ## - HEADING--TOPICAL TERM

  • Topical term or geographic name entry element: Programming Languages principles and paradigms

670 ## - SOURCE DATA FOUND

  • Source citation: Work cat.: (JO-AjAnu)101: Pandsh,pandey, author 192, Programming Languages principles and paradigms